| 000 | 00640nam a2200205 i 4500 | ||
|---|---|---|---|
| 001 | 32528 | ||
| 003 | ES-MaACL | ||
| 005 | 20230906154605.0 | ||
| 007 | t| | ||
| 008 | 030131s1936 fr ||||1| fre d | ||
| 100 | 1 |
_aBernoville, Gaëtan. _928351 |
|
| 245 | 1 | 0 |
_aPaul Bourget / _cpar Gaëtan Bernoville. |
| 260 |
_a[Paris : _bs.n., _c1936] ( _fImp. Française de l'Edition) |
||
| 300 |
_a42 p. : _bil. ; _c23 cm. |
||
| 490 | 1 | _aCélébrités d'hier et d'aujourd'hui | |
| 600 | 1 | 4 |
_aBourget, Paul ( _d1852-1935) _930991 |
| 830 | 0 |
_aCélébrités d'hier et d'aujourd'hui _9229419 |
|
| 852 |
_aES-MaACL _j1933-F-7 |
||
| 999 |
_c32528 _d32528 |
||